Sprache in Kultur und Politik

Mapovanie prepojenia jazyka a politiky z rôznych hľadísk. Jazyk ako nástroj politikov na ovplyvňovanie spoločenského diania. Vzťah materinského a cudzieho jazyka. Nové výzvy lingvistiky.

Enregistré dans:
Détails bibliographiques
Auteur principal: Adamcová, Lívia
Format: Chapitre de livre
Langue:allemand
Sujets:
Tags: Ajouter un tag
Pas de tags, Soyez le premier à ajouter un tag!

MARC

LEADER 00000naa$a2200000$$$4500
001 0260310
005 20240502074123.2
041 0 |a ger 
044 |a SK 
245 1 0 |a Sprache in Kultur und Politik  |c Lívia Adamcová 
520 |a Mapovanie prepojenia jazyka a politiky z rôznych hľadísk. Jazyk ako nástroj politikov na ovplyvňovanie spoločenského diania. Vzťah materinského a cudzieho jazyka. Nové výzvy lingvistiky. 
610 2 0 |a jazyk materinský 
610 2 0 |a jazyky cudzie 
610 2 0 |a politika 
610 2 0 |a jazyk odborný 
610 2 0 |a kultúra 
100 1 |a Adamcová, Lívia